Bill Murray or Chevy Chase Quiz Stats

 Plays Quiz Updated Jul 26, 2018

Score 0/24 Timer 05:00
1 Play Today
Question Answer Wrong Answers
Groundhog Day ???
95.4%
???
1%
Ghostbusters ???
95.2%
???
1.2%
National Lampoon's Vacation ???
93.3%
???
3.1%
Scrooged ???
92.4%
???
4%
Vegas Vacation ???
91.8%
???
4.7%
Lost in Translation ???
91.2%
???
5.1%
¡Three Amigos! ???
89.6%
???
6.8%
Stripes ???
88.9%
???
7.6%
Fletch ???
88.5%
???
7.8%
What About Bob? ???
86.8%
???
9.5%
Space Jam ???
84.9%
???
11.6%
The Royal Tenenbaums ???
84%
???
12.3%
Funny Farm ???
81.7%
???
14.7%
Rushmore ???
80.2%
???
16.2%
Meatballs ???
80%
???
16.4%
Spies Like Us ???
78.7%
???
17.7%
Cops and Robbersons ???
78.3%
???
18%
Man of the House ???
77%
???
19.5%
Foul Play ???
76%
???
20.3%
Ed Wood ???
73.5%
???
23%
Tootsie ???
68.9%
???
27.5%
Nothing but Trouble ???
68.9%
???
27.5%
Snow Day ???
65.7%
???
30.7%
Orange County ???
49.8%
???
46.7%

You're not logged in!

Compare scores with friends on all Sporcle quizzes.
OR
Log In

You Might Also Like...

Show Comments

Extras

Top Quizzes Today


Score Distribution

Your Account Isn't Verified!

In order to create a playlist on Sporcle, you need to verify the email address you used during registration. Go to your Sporcle Settings to finish the process.

Report this User

Report this user for behavior that violates our Community Guidelines.

Details: